Обоснование методики обработки результатов газогидродинамических исследований горизонтальных скважин при разработке низкопроницаемых коллекторов; Проблемы геологии и освоения недр; Т. 2

Библиографические подробности
Источник:Проблемы геологии и освоения недр=Problems of Geology and Subsurface Development: труды XXVI Международного симпозиума имени академика М. А. Усова студентов и молодых учёных, посвященный 90-летию со дня рождения Н. М. Рассказова, 120-летию со дня рождения Л. Л. Халфина, 50-летию научных молодежных конференций имени академика М. А. Усова, Томск, 4-8 апреля 2022 г./ Национальный исследовательский Томский политехнический университет, Инженерная школа природных ресурсов ; гл. ред. А. С. Боев ; под ред. Е. Ю. Пасечник.— , 2022
Т. 2.— 2022.— [С. 47-49]
Главный автор: Нурмаганбетова К. А.
Автор-организация: Национальный исследовательский Томский политехнический университет Инженерная школа природных ресурсов Отделение нефтегазового дела
Другие авторы: Хагай Д. Э. Данил Эдуардович (научный руководитель), Максимова Ю. А. Юлия Анатольевна
Примечания:Заглавие с экрана
Язык:русский
Опубликовано: 2022
Серии:Современные технологии разработки нефтяных и газовых месторождений
Предметы:
Online-ссылка:http://earchive.tpu.ru/handle/11683/74001
Формат: Электронный ресурс Статья
Запись в KOHA:https://koha.lib.tpu.ru/cgi-bin/koha/opac-detail.pl?biblionumber=635060

MARC

LEADER 00000naa2a2200000 4500
001 635060
005 20251223162528.0
035 |a (RuTPU)RU\TPU\conf\36897 
035 |a RU\TPU\conf\36885 
090 |a 635060 
100 |a 20221102d2022 k y0rusy50 ca 
101 0 |a rus 
102 |a RU 
135 |a drcn ---uucaa 
181 0 |a i  
182 0 |a b 
200 1 |a Обоснование методики обработки результатов газогидродинамических исследований горизонтальных скважин при разработке низкопроницаемых коллекторов  |f К. А. Нурмаганбетова, Д. Э. Хагай  |g науч. рук. Ю. А. Максимова 
203 |a Текст  |c электронный 
225 1 |a Современные технологии разработки нефтяных и газовых месторождений 
300 |a Заглавие с экрана 
320 |a [Библиогр.: с. 49 (4 назв.)] 
461 1 |0 (RuTPU)RU\TPU\conf\36761  |t Проблемы геологии и освоения недр  |l Problems of Geology and Subsurface Development  |o труды XXVI Международного симпозиума имени академика М. А. Усова студентов и молодых учёных, посвященный 90-летию со дня рождения Н. М. Рассказова, 120-летию со дня рождения Л. Л. Халфина, 50-летию научных молодежных конференций имени академика М. А. Усова, Томск, 4-8 апреля 2022 г.  |o в 2 т.  |f Национальный исследовательский Томский политехнический университет, Инженерная школа природных ресурсов ; гл. ред. А. С. Боев ; под ред. Е. Ю. Пасечник  |d 2022 
463 1 |0 (RuTPU)RU\TPU\conf\36763  |t Т. 2  |v [С. 47-49]  |d 2022 
610 1 |a труды учёных ТПУ 
610 1 |a электронный ресурс 
610 1 |a обработка результатов 
610 1 |a газогидродинамические исследования 
610 1 |a горизонтальные скважины 
610 1 |a низкопроницаемые коллекторы 
610 1 |a трудноизвлекаемые запасы 
700 1 |a Нурмаганбетова  |b К. А. 
701 1 |a Хагай  |b Д. Э.  |g Данил Эдуардович  |f 1992-  |c специалист в области нефтегазового дела  |c старший преподаватель Томского политехнического университета  |y Томск  |9 88929 
702 1 |a Максимова  |b Ю. А.  |c специалист в области нефтепромыслового оборудования  |c старший преподаватель Томского политехнического университета  |f 1979-  |g Юлия Анатольевна  |4 727 
712 0 2 |a Национальный исследовательский Томский политехнический университет  |b Инженерная школа природных ресурсов  |b Отделение нефтегазового дела  |3 (RuTPU)RU\TPU\col\23546 
801 2 |a RU  |b 63413507  |c 20221205  |g RCR 
850 |a 63413507 
856 4 |u http://earchive.tpu.ru/handle/11683/74001 
942 |c CF